| 000 | 00412nam a2200133Ia 4500 | ||
|---|---|---|---|
| 008 | 211119s9999||||xx |||||||||||||| ||und|| | ||
| 082 |
_a823 _bRAJ-T |
||
| 100 | _aRaj, Rizio Yohannan | ||
| 245 | 0 | _aTale of Things Timeless | |
| 260 |
_bHarpercollins _aNoida _c2000 |
||
| 300 | _axv+21 | ||
| 650 |
_a Literature & rhetoric _v English & Old English literaturesEnglish fictionEnglish _xGeneral Stack |
||
| 942 | _cBOOK | ||
| 999 |
_c118345 _d118345 |
||